Welcome to CU Library Online Public Access Catalogue (OPAC)

Not ashamed of the Gospel : (Record no. 3934)

MARC details
000 -LEADER
fixed length control field 00595cam a2200181 a 4500
001 - CONTROL NUMBER
control field 14833948
005 - DATE AND TIME OF LATEST TRANSACTION
control field 20250218122939.0
008 - FIXED-LENGTH DATA ELEMENTS--GENERAL INFORMATION
fixed length control field 070504s2007 miu b 000 0 eng
020 ## - INTERNATIONAL STANDARD BOOK NUMBER
International Standard Book Number 9780802827371 (pbk. : alk. paper)
020 ## - INTERNATIONAL STANDARD BOOK NUMBER
International Standard Book Number 0802827373 (pbk. : alk. paper)
050 00 - LIBRARY OF CONGRESS CALL NUMBER
Classification number BS2665.54
Item number .R88 2007
082 00 - DEWEY DECIMAL CLASSIFICATION NUMBER
Classification number 252
Edition information 22
100 1# - MAIN ENTRY--PERSONAL NAME
Personal name Rutledge, Fleming.
245 10 - TITLE STATEMENT
Title Not ashamed of the Gospel :
Remainder of title sermons from Paul's letter to the Romans /
Statement of responsibility, etc. Fleming Rutledge.
260 ## - PUBLICATION, DISTRIBUTION, ETC.
Place of publication, distribution, etc. Grand Rapids, Mich. :
Name of publisher, distributor, etc. William B. Eerdmans Pub. Co.,
Date of publication, distribution, etc. 2007.
300 ## - PHYSICAL DESCRIPTION
Extent x, 411 p. ;
Dimensions 23 cm.
942 ## - ADDED ENTRY ELEMENTS (KOHA)
Source of classification or shelving scheme Library of Congress Classification
Koha item type Books
Suppress in OPAC No
999 ## -
-- 3934
-- 3934
Holdings
Withdrawn status Lost status Source of classification or shelving scheme Damaged status Not for loan Collection Home library Current library Shelving location Date acquired Total checkouts Full call number Barcode Date last seen Copy number Price effective from Koha item type
    Library of Congress Classification     Non-fiction Business Library (Miotso) Business Library (Miotso) General stacks 03/04/2026   BS2665.54 RUT BSSM00002435 03/04/2026 1 03/04/2026 Books
    Library of Congress Classification     Non-fiction Graduate Library (Christ Temple) Graduate Library (Christ Temple) General stacks 02/18/2025   BS 2665.54 RUT GSCT00000515 02/18/2025 1 02/18/2025 Books
    Library of Congress Classification     Non-fiction Undergraduate Library (Christ Temple) Undergraduate Library (Christ Temple) General stacks 07/18/2025   BS2665.54 RUT ulct00003944 07/18/2025 1 07/18/2025 Books
© 2023-2024 Copyright: Central University Libraries. All Rights Reserved | Created by: Mahone Tech Office